| 000 | 00681nam a22001817a 4500 | ||
|---|---|---|---|
| 999 |
_c57774 _d57774 |
||
| 003 | Ge_BSU | ||
| 005 | 20201124140139.0 | ||
| 008 | 201124s2011 ge ||||| |||| 00| 0 geo d | ||
| 020 | _a9789941911989 | ||
| 041 | _ageo | ||
| 080 | _a615.1 მ-44 | ||
| 100 |
_aმახარაძე, ვლადიმერ _99752 |
||
| 245 |
_aფარმაცია : _bპუბლიცისტიკა, სიტყვები, ინტერვიუ და სხვ. / _cვლადიმერ მახარაძე. |
||
| 264 |
_aთბ. : _bინოვაცია, _c 2011. |
||
| 300 |
_a430გვ. ; _b21სმ. |
||
| 653 | _a ფარმაცია | ||
| 942 |
_2udc _cBK |
||